000 00975nam a2200229Ia 4500
008 130821s2011 ck a gr spa
020 _a9789588752068
040 _cJavier Garzón
_dHenry Ríos
_bspa
041 0 0 _aspa
100 1 _aJaramillo Álvarez, Francisco Javier
_928721
245 1 0 _aNotas de métodos cuantitativos para los negocios
_cFrancisco Javier Jaramillo Álvarez
260 _aSabaneta (Antioquia, Colombia)
_bFundación Universitaria CEIPA
_c2011
300 _a58 páginas
_bilustraciones, gráficas
650 _aAdministración de empresas
_9435
650 7 _918003
_aInvestigación operacional
650 7 _922565
_aPronóstico de los negocios
_v Modelos matemáticos
650 7 _925506
_aToma de decisiones en administración
650 7 _aAdministración de empresas
_v Modelos matemáticos
_953178
710 2 _aFundación Universitaria CEIPA
_928722
942 _cLIBRO
_a16
_e1
_mJ371
_2DEWEY
_h658.4033
999 _c40834
_d40834